ARRUPE JESUIT UNIVERSITY

CORONAVIRUS -STOP THE SPREAD - CLEAN,DISINFECT,COVER

Black fire: (Record no. 27273)

MARC details
000 -LEADER
fixed length control field 00465nam a2200193Ia 4500
003 - CONTROL NUMBER IDENTIFIER
control field 0100
005 - DATE AND TIME OF LATEST TRANSACTION
control field 20181024115351.0
008 - FIXED-LENGTH DATA ELEMENTS--GENERAL INFORMATION
fixed length control field 130303s9999 xx 000 0 und d
020 ## - INTERNATIONAL STANDARD BOOK NUMBER
International Standard Book Number 0949225053
040 ## - CATALOGING SOURCE
Transcribing agency ARRUPELIB
050 ## - LIBRARY OF CONGRESS CALL NUMBER
Classification number DT962.62
Item number .R33 1978
300 ## - PHYSICAL DESCRIPTION
Dimensions 21cm.
100 ## - MAIN ENTRY--PERSONAL NAME
Personal name Raeburn, Michael
9 (RLIN) 40433
245 ## - TITLE STATEMENT
Title Black fire:
Remainder of title accounts of the guerilla war in Zimbabwe /
Statement of responsibility, etc Michael Raeburn
260 ## - PUBLICATION, DISTRIBUTION, ETC. (IMPRINT)
Place of publication, distribution, etc Harare
Name of publisher, distributor, etc Zimbabwe Publishing House
Date of publication, distribution, etc 1978
300 ## - PHYSICAL DESCRIPTION
Extent 182p. ;
650 ## - SUBJECT ADDED ENTRY--TOPICAL TERM
Topical term or geographic name as entry element Zimbabwe
General subdivision Liberation war
-- Personal narratives
9 (RLIN) 23123
942 ## - ADDED ENTRY ELEMENTS (KOHA)
Source of classification or shelving scheme Library of Congress Classification
Koha item type Monograph ( Printed materials)
Holdings
Withdrawn status Lost status Source of classification or shelving scheme Damaged status Not for loan Collection code Home library Current library Shelving location Date acquired Total Checkouts Full call number Barcode Date last seen Copy number Price effective from Koha item type
    Library of Congress Classification     Main Collection ARRUPE LIBRARY ARRUPE LIBRARY Main Collection 04/03/2013   DT962.62.R33 1978 46003063705 07/12/2017 1 04/03/2013 Monograph ( Printed materials)
    Library of Congress Classification     SPECIAL Collection ARRUPE LIBRARY ARRUPE LIBRARY REFERENCE 24/10/2018   SPC DT962.62 .R33 1978 46600003016 24/10/2018   24/10/2018 SPC

 

Arrupe Library. PO Box MP320 Mt Pleasant, Harare, Zimbabwe
263 242 745411|librarian@aju.ac.zw